Catálogo público

El cultivo de aguacate Hass / (Record no. 218624)

MARC details
000 -CABECERA
campo de control de longitud fija 01631nam a2200397 a 4500
003 - IDENTIFICADOR DEL NÚMERO DE CONTROL
campo de control CHAP
005 - FECHA Y HORA DE LA ÚLTIMA TRANSACCIÓN
campo de control 20230425182115.0
007 - CAMPO FIJO DE DESCRIPCIÓN FÍSICA--INFORMACIÓN GENERAL
campo de control de longitud fija ta
008 - DATOS DE LONGITUD FIJA--INFORMACIÓN GENERAL
campo de control de longitud fija 230425s2019 ck aod|fr|||| 001 0 spa d
020 ## - NÚMERO INTERNACIONAL ESTÁNDAR DEL LIBRO
Número Internacional Estándar del Libro 978-958-8214-72-6
040 ## - FUENTE DE LA CATALOGACIÓN
Centro catalogador/agencia de origen mxchpua
Centro/agencia transcriptor CHAP
Normas de descripción rda
050 10 - SIGNATURA TOPOGRÁFICA DE LA BIBLIOTECA DEL CONGRESO
Número de clasificación SB379.A9
Número de documento/Ítem .C85 2019
082 00 - NÚMERO DE LA CLASIFICACIÓN DECIMAL DEWEY
Número de clasificación 634.653
Número de documento/Ítem C85 2019
Número de edición 20
110 1# - ENTRADA PRINCIPAL--NOMBRE DE ENTIDAD CORPORATIVA
9 (RLIN) 59083
Nombre de entidad corporativa o nombre de jurisdicción como elemento de entrada Instituto Colombiano Agropecuario
245 13 - MENCIÓN DE TÍTULO
Título El cultivo de aguacate Hass /
Mención de responsabilidad, etc. Instituto Colombiano Agropecuario
250 ## - MENCIÓN DE EDICIÓN
Mención de edición 1a
Resto de la mención de edición edición
264 ## - PRODUCCIÓN, PUBLICACIÓN, DISTRIBUCIÓN, FABRICACIÓN Y COPYRIGHT
Producción, publicación, distribución, fabricación y copyright Colombia:
Nombre del de productor, editor, distribuidor, fabricante Instituto Colombiano Agropecuario,
Fecha de producción, publicación, distribución, fabricación o copyright 2019
300 ## - DESCRIPCIÓN FÍSICA
Extensión 67 páginas :
Otras características físicas gráficas, tablas, ilustraciones y fotos
336 ## - TIPO DE CONTENIDO
Fuente rdacontent
Término de tipo de contenido texto
Código de tipo de contenido txt
337 ## - TIPO DE MEDIO
Fuente rdamedia
Nombre/término del tipo de medio sin medio
Código del tipo de medio n
338 ## - TIPO DE SOPORTE
Fuente rdacarrier
Nombre/término del tipo de soporte volumen
Código del tipo de soporte nc
504 ## - NOTA DE BIBLIOGRAFÍA, ETC.
Nota de bibliografía, etc. Bibliografía: páginas 65-67
520 2# - SUMARIO, ETC.
Sumario, etc. Dentro de las variedades de aguacate, la variedad Hass es la más comercialización a nivel mundial, ofreciendo una oportunidad de exportación para Colombia. Esta publicación contiene las indicaciones básicas para su cultivo.
650 13 - PUNTO DE ACCESO ADICIONAL DE MATERIA--TÉRMINO DE MATERIA
9 (RLIN) 2490
Término de materia o nombre geográfico como elemento de entrada Aguacate
650 13 - PUNTO DE ACCESO ADICIONAL DE MATERIA--TÉRMINO DE MATERIA
9 (RLIN) 2490
Término de materia o nombre geográfico como elemento de entrada Aguacate
Subdivisión general Enfermedades fungales de las plantas
650 13 - PUNTO DE ACCESO ADICIONAL DE MATERIA--TÉRMINO DE MATERIA
9 (RLIN) 2490
Término de materia o nombre geográfico como elemento de entrada Aguacate
Subdivisión general Enfermedades de los frutos
650 13 - PUNTO DE ACCESO ADICIONAL DE MATERIA--TÉRMINO DE MATERIA
9 (RLIN) 2490
Término de materia o nombre geográfico como elemento de entrada Aguacate
Subdivisión general Variedades
650 13 - PUNTO DE ACCESO ADICIONAL DE MATERIA--TÉRMINO DE MATERIA
9 (RLIN) 157374
Término de materia o nombre geográfico como elemento de entrada Cultivos tropicales y subtropicales
650 13 - PUNTO DE ACCESO ADICIONAL DE MATERIA--TÉRMINO DE MATERIA
9 (RLIN) 148887
Término de materia o nombre geográfico como elemento de entrada Avocados
650 13 - PUNTO DE ACCESO ADICIONAL DE MATERIA--TÉRMINO DE MATERIA
9 (RLIN) 148887
Término de materia o nombre geográfico como elemento de entrada Avocados
Subdivisión general Fungal diseases of plants
650 13 - PUNTO DE ACCESO ADICIONAL DE MATERIA--TÉRMINO DE MATERIA
9 (RLIN) 148887
Término de materia o nombre geográfico como elemento de entrada Avocados
Subdivisión general Fruit diseases
650 13 - PUNTO DE ACCESO ADICIONAL DE MATERIA--TÉRMINO DE MATERIA
9 (RLIN) 148887
Término de materia o nombre geográfico como elemento de entrada Avocados
Subdivisión general Varieties
650 13 - PUNTO DE ACCESO ADICIONAL DE MATERIA--TÉRMINO DE MATERIA
9 (RLIN) 157375
Término de materia o nombre geográfico como elemento de entrada Tropical and subtropical crops
710 1# - PUNTO DE ACCESO ADICIONAL--NOMBRE DE ENTIDAD CORPORATIVA
9 (RLIN) 59083
Nombre de entidad corporativa o nombre de jurisdicción como elemento de entrada Instituto Colombiano Agropecuario
942 ## - ELEMENTOS DE PUNTO DE ACCESO ADICIONAL (KOHA)
Fuente del sistema de clasificación o colocación Dewey Decimal Classification
Tipo de ítem Koha
Holdings
Estado de retiro Estado de pérdida Fuente del sistema de clasificación o colocación Estado dañado Restricciones de uso No para préstamo Código de colección Localización permanente Ubicación/localización actual Fecha de adquisición Fuente de adquisición Número de inventario Total de préstamos Signatura topográfica completa Código de barras Fecha visto por última vez Número de copia Precio válido a partir de Tipo de ítem Koha
    Dewey Decimal Classification   Préstamo interno   General Ingenieria Agroindustrial Ingenieria Agroindustrial 16/12/2021 Compra Carvann Books F. C 22 Consumo   634.653 C85 2019 1102014678 25/04/2023 Ej. 1 25/04/2023 Libro
    Dewey Decimal Classification   Préstamo 5 días   General Ingenieria Agroindustrial Ingenieria Agroindustrial 16/12/2021 Compra Carvann Books F. C 22 Consumo   634.653 C85 2019 1102014679 25/04/2023 Ej. 2 25/04/2023 Libro
    Dewey Decimal Classification   Préstamo 5 días   General Ingenieria Agroindustrial Ingenieria Agroindustrial 16/12/2021 Compra Carvann Books F. C 22 Consumo   634.653 C85 2019 1102014680 25/04/2023 Ej. 3 25/04/2023 Libro